00485nam a2200181 a 4500001001300000003000900013005001700022008004100039020001000080082001800090100003700108245001700145260003700162300000900199500003500208650002300243700003700266nice12345678IN_TiNIC20260116013418.0070309s1988 hyda grp 000 0 ara  ac29700a297.1227bQUN aQunawi, Mohd Bin Ishaq Sadruddin aIjazul Bayan aHyderabadbDairatul Maarifc1988 a390p aincludes index and biblioraphy aQuran-Hermeneutics1 aQunawi, Mohd Bin Ishaq Sadruddin